F1 - Tous les pilotes vainqueurs avec Williams - Statistiques

Statistiques générales
  • Ce quiz a été pris 58 fois
  • Le résultat moyen est 12 sur 16
Statistiques - réponses
Années chez Williams Nationalités Victoires Pilotes % Correct
1993 France 7 Alain Prost
100%
1996-1998 Canada 11 Jacques Villeneuve
98%
1993-1996 Royaume-Uni 21 Damon Hill
96%
1986-1987 Brésil 7 Nelson Piquet
92%
1985-1988 ; 1991-1992 ; 1994 Royaume-Uni 28 Nigel Mansell
92%
1999-2004 Allemagne 6 Ralf Schumacher
90%
2011-2013 Vénézuela 1 Pastor Maldonado
88%
2001-2004 Colombie 4 Juan Pablo Montoya
84%
1978-1981 Australie 11 Alan Jones
75%
1982-1985 Finlande 5 Keke Rosberg
75%
1987-1992 Italie 4 Riccardo Patrese
61%
1989-1990 Belgique 3 Thierry Boutsen
59%
1980-1982 Argentine 3 Carlos Reutemann
57%
1994-1995 Royaume-Uni 1 David Coulthard
57%
1997-1998 Allemagne 1 Heinz-Harald Frentzen
55%
1979 Suisse 1 Clay Regazzoni
53%
Aucun quiz correspondant
Distribution des résultats
% des personnes avec chaque résultat
Percentile par nombre de réponses
Votre historique - résultats
Vous n’avez pas pris ce quiz